Μάθετε την ACCESS 2.0

Αποθηκεύτηκε σε:
Λεπτομέρειες βιβλιογραφικής εγγραφής
Κύριος συγγραφέας: Ortlepp, Michael
Άλλοι συγγραφείς: Osenberg, Rainer
Μορφή: Βιβλίο
Γλώσσα:Greek
Δημοσίευση: Αθήνα : Κλειδάριθμος, 1995
Θέματα:
Ετικέτες: Προσθήκη ετικέτας
Δεν υπάρχουν, Καταχωρήστε ετικέτα πρώτοι!

MARC

LEADER 00000nam a2200000 i 4500
001 1/58701
008 960523s1995 gre d
020 |a 960-209-258-0 
035 |l 10028412 
040 |a GR-MY-UA  |b gre  |e aacr 
041 0 |a gre 
082 0 |a 005.133 
100 1 |a Ortlepp, Michael. 
245 1 0 |a Μάθετε την ACCESS 2.0 /  |c Michael Ortlepp, Rainer Osenberg 
260 |a Αθήνα :   |b Κλειδάριθμος,   |c 1995 
300 |a 264 σ. 
500 |a Περιλαμβάνει ευρετήριο 
500 |a α.Αμεσο ξεκίνημα,β.Γρήγορη εισαγωγή για άμεσα αποτελέσματα,γ.Εμπέδωση με τις εκπαιδευτικές ενότητες 
630 0 0 |a Microsoft Access. 
650 0 0 |a Database management. 
700 1 |a Osenberg, Rainer. 
852 |a INST  |b CHIOS  |e 19960523  |h 005.133 ORT  |p 005200008211  |q 005200008211  |t BK  |y 0 
909 |a Χ  |b 043131